000 00876cam a2200193 4500
001 ABS66239
008 021217n2002 000 0 eng u
035 _a(Sirsi) u120815
100 _aShaw, E.
245 _aDilapidations disputes
260 _c2002
490 _aSolicitors' Journal
_v146(43) 15 November 2002, 1027(1)
520 _aReviews the new RICS "Dilapidations guidance note" which aims to provide comprehensive guidance to practitioners on the impact of the Civil Procedure Rules on dilapidations practice and procedures. The guidance note contains a considerable contribution from solicitors, which reflects the increasing tendency for solicitors and surveyors to work together to resolve dilapidations disputes.
590 _aABS
650 _aCIVIL PROCEDURE RULES
650 _aDilapidations
_96235
690 _aDispute resolution
_96236
942 _n0
999 _c71795
_d71795